| 000 | 01027cam a2200313 i 4500 | ||
|---|---|---|---|
| 999 |
_c200458888 _d77100 |
||
| 003 | TR-AnTOB | ||
| 005 | 20231129094856.0 | ||
| 007 | ta | ||
| 008 | 210421s2023 tu a 001 0 tur u | ||
| 020 | _a9786250016435 | ||
| 040 |
_aB9K _beng _erda _cB9K _dTR-AnTOB |
||
| 041 | 0 | _atur | |
| 050 | 1 | 4 |
_aBL782 _b.Ö945 2023 |
| 090 |
_aBL 782 _b.Ö945 2023 |
||
| 100 | 1 |
_aÖzel, Okan, _d1980- _eauthor _9144347 |
|
| 245 | 1 | 0 |
_aPhobos Harmonia & Deimos : _bdiptedir hakikat / _cOkan Özel. |
| 246 | 3 | 0 | _aPhobos Harmonia ve Deimos. |
| 250 | _a1. baskı Kasım 2023 | ||
| 264 | 1 |
_aAdana : _bEkrem Yayınevi, _c2023. |
|
| 300 |
_a569 pages : _billustrations ; _c20 cm |
||
| 336 |
_atext _2rdacontent _btxt |
||
| 337 |
_aunmediated _2rdamedia _bn |
||
| 338 |
_avolume _2rdacarrier _bnc |
||
| 500 | _aIncludes index. | ||
| 500 | _a"Yolun başına o yola birlikte çıkamayacak kadar uzak, sonuna ise onu beraber bitirebilecek kadar yakınız." | ||
| 650 | 0 |
_aMitoloji, Yunan _9125805 |
|
| 942 |
_2lcc _cBK |
||